| 000 | 00760nam a2200229 c 4500 | ||
|---|---|---|---|
| 001 | a5451732 | ||
| 003 | CO-ViMGA | ||
| 005 | 20230915225027.0 | ||
| 008 | 140108s2013 sp a | |||| 000 0 spa | ||
| 020 | _a9789871609543 | ||
| 040 |
_aCO-ViMGA _bspa _cCO-ViMGA |
||
| 082 | 0 | 4 |
_aMEVIGAPOR _bL81a |
| 100 | 1 |
_aDe Luca, Damiǹ _4aut _9935 |
|
| 245 | 1 | 0 |
_aApps HTML5 para mv̤iles : _bdesarrollo de aplicaciones para smartphones y tablets basado en tecnologa̕s Web _cDamiǹ De Luca |
| 250 | _a1® ed. | ||
| 260 |
_a[Barcelona] _bMarcombo _c2014 [i.e. 2013] |
||
| 300 |
_a255 p. _bil. _c23 cm |
||
| 650 | 1 | 7 |
_aAplicaciones informt̀icas _2embne _9937 |
| 650 | 1 | 7 |
_aHTML (Lenguaje de marcas) _2embne _9936 |
| 650 | 1 | 7 |
_aInformt̀ica mv̤il _2embne _9938 |
| 942 |
_2ddc _cBK |
||
| 999 |
_c12154 _d12154 |
||